000
00338nam a2200133Ia 4500
008
240624s9999 xx 000 0 und d
041
_a
eng
082
_a
741.5954 LAX
100
_a
LAXMAN R K
245
_a
COMMON MAN TACKLES CORRUPTION
260
_c
2002
_a
New Delhi
_b
Penguin Books
300
_a
xiii, : 194 : p. : cm. ; 17
365
_c
RS
999
_c
3722
_d
3722